Термодинамические свойства воды и водяного пара: Справочник

Bibliographic Details
Main Author: Ривкин С. Л. Соломон Лазаревич
Other Authors: Александров А. А. Алексей Александрович
Language:Russian
Published: Москва, Энергоатомиздат, 1984
Edition:2-е изд., перераб. и доп.
Subjects:
Format: Book
KOHA link:https://koha.lib.tpu.ru/cgi-bin/koha/opac-detail.pl?biblionumber=33301

MARC

LEADER 00000nam0a2200000 4500
001 33301
005 20231030212757.0
035 |a (RuTPU)RU\TPU\book\33631 
035 |a BOOK00000282 
090 |a 33301 
100 |a 20011210d1984 k y0rusy50 ca 
101 0 |a rus 
102 |a RU 
105 |a y g 000zy 
200 1 |a Термодинамические свойства воды и водяного пара  |e Справочник  |f С. Л. Ривкин, А. А. Александров 
205 |a 2-е изд., перераб. и доп. 
210 |a Москва  |c Энергоатомиздат  |d 1984 
215 |a 80 с. 
451 1 |0 (RuTPU)RU\TPU\book\44921  |t Термодинамические свойства воды и водяного пара  |f С. Л. Ривкин, А. А. Александров  |c Москва  |n Энергия  |d 1975  |p 79 с.  |a Ривкин, Соломон Лазаревич 
610 1 |a термодинамика 
610 1 |a вода 
610 1 |a водяной пар 
610 1 |a справочники 
675 |a 621.1.016.7(035)  |v 3 
700 1 |a Ривкин  |b С. Л.  |g Соломон Лазаревич 
701 1 |a Александров  |b А. А.  |g Алексей Александрович 
801 0 |a RU  |b 63413507  |c 20011210  |g PSBO 
801 2 |a RU  |b 63413507  |c 20201008  |g PSBO 
900 |a Термодинамика 
900 |a Техническая термодинамика и энерготехнология 
900 |a Теоретические основы теплотехники 
942 |c BK